Bojnický zámok dnes vlastivedné múzeum (staršia časť z 15. až 17. stor., prestavba koncom 19. a začiatkom 20. stor.)

Bibliographic Details
Other Authors: Náhlik, Ján, 1922-1989 (Photographer)
Format: Image
Language:Slovak
PhysicalDescription:1 čiernobiela pohľadnica 11x15 cm
Published: [Bratislava] VPL [po r.1950]
Subjects:

MARC

LEADER 00000nkm a2200000 a 4500
001 vtls001391133
003 SK-MaSNL
005 20260331204358.0
008 231206q1950 xo 0k|slo
035 |a SNK000345408 
040 |a SNK  |b slo  |c SNK  |e AACR2 
043 |a e-xo--- 
044 |a xo  |c SK 
072 7 |a 913  |x Regionálna geografia  |2 konspekt 
080 |a 913(437.64)  |2 1981 
080 |a (084.121)904  |2 1981 
100 1 |a Náhlik, Ján,  |d 1922-1989  |4 pht  |9 209698 
245 1 |a Bojnický zámok  |h grafika  |b dnes vlastivedné múzeum (staršia časť z 15. až 17. stor., prestavba koncom 19. a začiatkom 20. stor.)  |c foto Náhlik 
260 |a [Bratislava]  |b VPL  |c [po r.1950] 
300 |a 1 čiernobiela pohľadnica  |c 11x15 cm 
610 2 7 |a Bojnický zámok  |2 SNK  |9 32519 
651 7 |a Prievidza (Slovensko : okres)  |2 SNK  |9 71029 
655 7 |a geografické pohľadnice  |2 SNK  |9 70522 
655 7 |a pohľadnice kultúrnych pamiatok  |2 SNK  |9 70523 
958 |a GC 
958 |a GBN 
999 |c 551621  |d 553551 
952 |t P60, <03>, [BOOK], {603}  |a SNK  |b SNK  |y PREZ  |7 0  |o snkSP 149201  |i snkPV 459/2000  |0 0  |1 0  |4 0  |d 2000-06-20  |l 0  |r 2005-01-02 00:00:00  |w 2026-02-23